Detour Ahead Critical Vulnerabilities in America's Rail and Mass Transit Security Programs / (Record no. 2163)

000 -LEADER
fixed length control field 00348 a2200097 4500
082 ## - DEWEY DECIMAL CLASSIFICATION NUMBER
Classification number 363.12 THO
100 ## - MAIN ENTRY--PERSONAL NAME
Personal name Thompson, Bennie G.
245 ## - TITLE STATEMENT
Title Detour Ahead Critical Vulnerabilities in America's Rail and Mass Transit Security Programs /
Statement of responsibility, etc. Bennie G. Thompson
260 ## - PUBLICATION, DISTRIBUTION, ETC.
Place of publication, distribution, etc. USA :
Name of publisher, distributor, etc. U. S. House of Representatives,
300 ## - PHYSICAL DESCRIPTION
Extent 43p. :
Other physical details ill. ;
Dimensions 30 cm
650 ## - SUBJECT ADDED ENTRY--TOPICAL TERM
Topical term or geographic name entry element Rail And Mass Tansit
Holdings
Withdrawn status Lost status Damaged status Not for loan Permanent Location Current Location Shelving location Date acquired Total Checkouts Full call number Barcode Date last seen Price effective from Koha item type
        School of Civil and Environmental Engineering (SCEE) School of Civil and Environmental Engineering (SCEE)       363.12 THO NIT-1942 01/05/2017 01/05/2017 Book
© 2023 Central Library, National University of Sciences and Technology. All Rights Reserved.